000 00671nam a2200241 i 4500
001 C2-0103156
003 PPAK
005 20180727100536.0
008 970601s1985 enka|||| ||||| | eng d
020 _a0416510205
040 _aPPAK
_beng
_cPPAK
_erda
082 0 4 _a823
_223
090 0 0 _a823
_bYEO
_dK
100 1 _aYeoman, John,
_eauthor
245 1 4 _aThe young performing horse
264 1 _aLondon :
_bMethuen Children's Books ,
_c1985
300 _a( 30 pages ) :
_bcolour illustrations ;
_c19 cm
336 _2rdacontent
_atext
337 _2rdamedia
_aunmediated
338 _2rdacarrier
_avolume
650 1 0 _aChildren's stories, English
942 _ddc
_cB
999 _c24318
_d24318